Kaiji Personnages par Images - Statistiques

Statistiques générales
  • Ce quiz a été pris 6 fois
  • Le résultat moyen est 3 sur 40
Statistiques - réponses
Par images Réponse % Correct
Kaiji Itô
100%
Mamoru Andô
60%
Kazutaka Hyôdô
40%
Yukio Tonegawa
40%
Jôji Funai
20%
Makoto Sahara
20%
Tomohiro Miyoshi
20%
Yûji Endô
20%
Akikawa
0%
Fujino
0%
Hashimoto
0%
Hiromitsu Ishida
0%
Hyena
0%
Isha
0%
Kaoru Isawa
0%
Kitagawa
0%
Kitami
0%
Koizumi
0%
Kôji Ishida
0%
Kôtarô Sakazaki
0%
Maeda
0%
Manager
0%
Mikoko Sakazaki
0%
Nakamura
0%
Nakayama
0%
Nishida
0%
Nishio
0%
Odagiri
0%
Okabayashi
0%
Ôta
0%
Sakai
0%
Seiya Ichijô
0%
Sekiya
0%
Takada
0%
Takeshi Furuhata
0%
Takuya Numakawa
0%
Tamotsu Murakami
0%
Tarô Ôtsuki
0%
Yokoi
0%
Yoshihiro Kurosaki
0%
Aucun quiz correspondant
Distribution des résultats
% des personnes avec chaque résultat
Percentile par nombre de réponses
Votre historique - résultats
Vous n’avez pas pris ce quiz